Score 0/16 Timer 10:00
0 Plays Today
Hint Answer % Correct
jddj
99.2%
tatmmatt
98.4%
ymimkkimmy
96.7%
evtsesteve
96.7%
xmamax
96.7%
eapethnisstephanie
95.9%
mjmiyjimmy
95.9%
yoejjoey
95.9%
Hint Answer % Correct
seejsjesse
95.1%
nadnydanny
95.1%
myotmtommy
93.4%
kybcebecky
91.8%
maoranramona
89.3%
ksjancojackson
89.3%
denfnarofernando
88.5%
allolola
88.5%
Remove Ads.
Support Sporcle.
Get the best of Sporcle when you Go Orange. This ad-free experience offers more features, more stats, and more fun while also helping to support Sporcle. Thank you for becoming a member.

You're not logged in!

Compare scores with friends on all Sporcle quizzes.
OR
Log In

Show Comments

Extras

Created Dec 18, 2018ReportNominate
Tags:Character, house, scramble

Top Quizzes Today


Score Distribution

Your Account Isn't Verified!

In order to create a playlist on Sporcle, you need to verify the email address you used during registration. Go to your Sporcle Settings to finish the process.

Report this User

Report this user for behavior that violates our Community Guidelines.

Details: